Stoner (Record no. 44845)

MARC details
000 -Etiqueta do registo
Valores 00748nam a2200241 4500
010 ## - Número ISBN
ISBN 9789722055567
021 ## - Número do Depósito Legal
Número 379015/14
100 ## - Dados gerais de processamento
Dados gerais 20141209d2014 m y0pory50030103ba
101 1# - Língua de publicação
Língua por
102 ## - País de publicação
País PT
200 1# - Titulo e menção de responsabilidade
Título próprio Stoner
Primeira menção de responsabilidade John Williams
Outras menções de responsabilidade posf. John McGahern
-- trad. Tânia Ganho
205 ## - Menção da edição
Edição 1.ª ed.
210 #9 - Publicação
Local de publicação Alfragide
Nome do editor Publicações Dom Quixote,
Data de publicação 2014
215 ## - Descrição física 
Paginação / Volumes 263 p.
Dimensões 24 cm
675 ## - CDU
Notação 821.111(73)-31"19"
Edição BN
Língua por
700 #1 - Autor principal
Apelido Williams,
Nome John,
Datas 1922-1994
702 #1 - Autor secundário
Apelido McGahern,
Nome John,
Datas 1934-2006
Função 075
702 #1 - Autor secundário
Apelido Ganho,
Nome Tânia,
Datas 1973-
Função 730
801 #0 - Fonte de origem
País PT
Agência BN
Regras de catalogação RPC
856 41 - Localização e acesso electrónico 
URL <a href="http://rnod.bnportugal.gov.pt/ImagesBN/winlibimg.aspx?skey=&doc=1890668&img=54055&save=true">http://rnod.bnportugal.gov.pt/ImagesBN/winlibimg.aspx?skey=&doc=1890668&img=54055&save=true</a>
990 ## - Elementos KOHA
Tipo de documento Livro
Holdings
Aquisição Empréstimo Código de barras Cota Permissão de empréstimo Tipo de documento
Biblioteca Itinerante Biblioteca Itinerante 055015 821.111(73)-3 WIL   Livro

Powered by Koha